Statistics for Utah Jazz Leaders Per Year

Click here to take the quiz!

General Stats

  • This quiz has been taken 1,440 times
    (486 since last reset)
  • The average score is 13 of 38

Answer Stats

Player% Correct
Donovan Mitchell
94%
Karl Malone
94%
Rudy Gobert
93%
John Stockton
92%
Lauri Markkanen
84%
Mike Conley
68%
Gordon Hayward
60%
Mark Eaton
58%
Walker Kessler
58%
Deron Williams
54%
Mo Williams
53%
Pete Maravich
53%
Adrian Dantley
45%
Andrei Kirilenko
45%
Carlos Boozer
40%
Ricky Rubio
40%
Joe Ingles
33%
Derrick Favors
27%
Paul Millsap
24%
Al Jefferson
21%
Greg Ostertag
19%
Mehmet Okur
17%
Rickey Green
17%
Darrell Griffith
13%
George Hill
12%
Truck Robinson
10%
Trey Burke
9%
Devin Harris
8%
Rich Kelley
3%
Ronnie Brewer
3%
Carlos Arroyo
2%
Jeff Wilkins
2%
Otto Moore
2%
Allan Bristow
1%
Ben Poquette
1%
Danny Schayes
1%
Jim McElroy
1%
Joe Meriweather
0%

Score Distribution

Percentile by Number Answered

Percent of People with Each Score

Your Score History

You have not taken this quiz since the last reset